[Event "ESP-ch U12"]
[Site "Salobrena"]
[Date "2023.07.12"]
[Round "5"]
[White "Karpukhin, Andrei"]
[Black "Puerto Fernandez, Eloi"]
[Result "0-1"]
[WhiteElo "1579"]
[BlackElo "1254"]
[PlyCount "94"]
[EventDate "2023.07.10"]
[EventType "swiss"]
[EventRounds "9"]
[EventCountry "ESP"]
[SourceTitle "EXT 2024"]
[Source "ChessBase"]
[SourceDate "2023.10.10"]
[SourceVersion "1"]
[SourceVersionDate "2023.10.10"]
[SourceQuality "1"]

1. e4 d6 2. d4 Nf6 3. Nc3 e5 4. dxe5 dxe5 5. Qxd8+ Kxd8 6. Nf3 Bd6 7. Bc4 Be6 8. Bb3 h6 9. Be3 Nbd7 10. 0-0-0 a5 11. Bxe6 fxe6 12. Nd2 Ke7 13. Nc4 Rhf8 14. Nxd6 cxd6 15. f3 Rfc8 16. h4 Rc6 17. g4 h5 18. g5 Nh7 19. Ne2 Rac8 20. Rd2 Nhf8 21. f4 g6 22. Rf1 Nb6 23. b3 a4 24. f5 Nbd7 25. Kb2 axb3 26. axb3 Ra8 27. f6+ Kf7 28. Rfd1 Nc5 29. Nc3 Raa6 30. Rxd6 Rxd6 31. Rxd6 Rxd6 32. Bxc5 Rd2 33. Nb5 Rh2 34. Nd6+ Kg8 35. Nxb7 Rxh4 36. Nd6 Rg4 37. b4 Nd7 38. Be3 h4 39. c4 h3 40. f7+ Kg7 41. c5 h2 42. c6 Nb6 43. Bxb6 h1Q 44. c7 Rg2+ 45. Kb3 Qd1+ 46. Kc4 Rc2+ 47. Kb5 Qd3+ 0-1